000 00198 a2200097 4500
001 4861
100 _aKnight,R.A.G
245 _aAdhersives for wood
260 _a
_bChapman
_c
090 _c4052
_d4052
942 _aNUST-CAE
_cM
_c30326
999 _c239934
_d239934